00500nam a2200145Ia 4500008004100000041000800041082001600049100002100065245005200086260003300138300003000171365001400201999001700215952012200232240624s9999 xx 000 0 und d aeng a658.155 SKI aSKIPPER HAROLD D aRISK MANAGEMENT AND INSURANCE PERSPECTIVES IN A c2009aNew DelhibWiley India axv, : 751 : p. : cm. ; 23 cRSb33.33 c15672d15672 00104070aIMTNbIMTNcRack 25-Bd2010-09-08eAPg449.00o658.155 SKIp15672r2024-06-24 00:00:00t1w2024-06-24yBK